| 000 -LEADER |
| fixed length control field |
00782cam a22002894i 4500 |
| 001 - CONTROL NUMBER |
| control field |
17972131 |
| 005 - DATE AND TIME OF LATEST TRANSACTION |
| control field |
20171215041311.0 |
| 008 - FIXED-LENGTH DATA ELEMENTS--GENERAL INFORMATION |
| fixed length control field |
131216s2015 ctua 000 0 eng d |
| 010 ## - LIBRARY OF CONGRESS CONTROL NUMBER |
| LC control number |
2013957655 |
| 020 ## - INTERNATIONAL STANDARD BOOK NUMBER |
| International Standard Book Number |
9781285189109 |
| 020 ## - INTERNATIONAL STANDARD BOOK NUMBER |
| International Standard Book Number |
1285189108 |
| 020 ## - INTERNATIONAL STANDARD BOOK NUMBER |
| International Standard Book Number |
9781285423623 |
| 020 ## - INTERNATIONAL STANDARD BOOK NUMBER |
| International Standard Book Number |
1285423623 |
| 035 ## - SYSTEM CONTROL NUMBER |
| System control number |
(OCoLC)ocn903955607 |
| 040 ## - CATALOGING SOURCE |
| Original cataloging agency |
TUC |
| Transcribing agency |
TUC |
| Modifying agency |
DLC |
| Description conventions |
rda |
| Modifying agency |
DLC |
| 041 ## - LANGUAGE CODE |
| Language code of text/sound track or separate title |
eng |
| 042 ## - AUTHENTICATION CODE |
| Authentication code |
lccopycat |
| 080 ## - UNIVERSAL DECIMAL CLASSIFICATION NUMBER |
| Universal Decimal Classification number |
330.101.541 |
| 082 ## - DEWEY DECIMAL CLASSIFICATION NUMBER |
| Classification number |
330.101.541 WIL |
| 100 1# - Rafti |
| Rafti |
52., |
| 101 ## - Shkurtesa |
| Shkurtesa |
MAC |
| 245 10 - TITLE STATEMENT |
| Title |
ECON macro : |
| Statement of responsibility, etc |
William A. McEachern. |
| 906 ## - LOCAL DATA ELEMENT F, LDF (RLIN) |
| a |
7 |
| b |
cbc |
| c |
copycat |
| d |
3 |
| e |
ncip |
| f |
20 |
| g |
y-gencatlg |
| 942 ## - ADDED ENTRY ELEMENTS (KOHA) |
| Source of classification or shelving scheme |
|
| Item type |
Books |